书目信息 |
| 题名: |
古斯塔夫·马勒 理查·施特劳斯艺术歌曲选集
|
|
| 作者: | 喻宜萱 选编 | |
| 分册: | ||
| 出版信息: | 北京 人民音乐出版社 2005 |
|
| 页数: | 232页 | |
| 开本: | 30cm | |
| 丛书名: | ||
| 单 册: | ||
| 中图分类: | J652.5(516) , J652.5(521) , J652.5 | |
| 科图分类: | ||
| 主题词: | 艺术歌曲--德国--现代--选集 , 艺术歌曲 , 艺术歌曲--奥地利--近代--选集 | |
| 电子资源: | ||
| ISBN: | 7-103-02789-7 | |
| 000 | 01032ncm0 2200277 450 | |
| 001 | 002854975 | |
| 005 | 20070806180809.59 | |
| 010 | @a7-103-02789-7@dCNY33.00 | |
| 100 | @a20050221d2005 em y0chiy0110 ea | |
| 101 | 0 | @achi |
| 102 | @aCN@b110000 | |
| 105 | @ag z 000yy | |
| 200 | 1 | @a古斯塔夫·马勒 理查·施特劳斯艺术歌曲选集@9gu si ta fu · ma le li cha · shi te lao si yi shu ge qu xuan ji@f喻宜萱选编 |
| 210 | @a北京@c人民音乐出版社@d2005 | |
| 215 | @a232页@d30cm | |
| 330 | @a本书分两部分,第一部分收集了古斯塔夫·马勒的《春天的早晨》、《回忆》、《儿童的奇异号角》、《青年漫游之歌》等;第二部分收集了理查·施特劳斯的《奉献》、《夜》、《万灵节》等。 | |
| 510 | 1 | @aSelected Art Songs of Mahler and Strauss@zeng |
| 606 | 0 | @a艺术歌曲@y德国@z现代@j选集 |
| 606 | 0 | @a艺术歌曲 |
| 606 | 0 | @a艺术歌曲@y奥地利@z近代@j选集 |
| 690 | @aJ652.5(516)@v4 | |
| 690 | @aJ652.5(521)@v4 | |
| 690 | @aJ652.5@v3 | |
| 701 | 0 | @a喻宜萱@9yu yi xuan@c(女,@f1909~)@4选编 |
| 801 | 0 | @aCN@bNLC@c20070806 |
| 905 | @a10447@dJ652.5@e442 | |
| 古斯塔夫·马勒 理查·施特劳斯艺术歌曲选集/喻宜萱选编.-北京:人民音乐出版社,2005 |
| 232页;30cm |
| ISBN 7-103-02789-7:CNY33.00 |
| 本书分两部分,第一部分收集了古斯塔夫·马勒的《春天的早晨》、《回忆》、《儿童的奇异号角》、《青年漫游之歌》等;第二部分收集了理查·施特劳斯的《奉献》、《夜》、《万灵节》等。 |
| ● |
| 相关链接 |
|
|
|
|
正题名:古斯塔夫·马勒 理查·施特劳斯艺术歌曲选集
索取号:J652.5/442
 
预约/预借
| 序号 | 登录号 | 条形码 | 馆藏地/架位号 | 状态 | 备注 |
| 1 | 0804544 | 208045444 | 第一样本阅览室/ [索取号:J652.5/442] | 在馆 | |
| 2 | 0804545 | 208045453 | 第一借阅区/ [索取号:J652.5/442] | 在馆 | |
| 3 | 0804546 | 208045462 | 第一借阅区/ [索取号:J652.5/442] | 在馆 | |
| 4 | 0804547 | 208045471 | 第一借阅区/ [索取号:J652.5/442] | 在馆 | |
| 5 | 0804548 | 208045480 | 第一借阅区/ [索取号:J652.5/442] | 在馆 | |
| 6 | 0804549 | 208045499 | 第一借阅区/ [索取号:J652.5/442] | 在馆 | |
| 7 | 0804550 | 208045505 | 第一借阅区/ [索取号:J652.5/442] | 在馆 | |
| 8 | 0804551 | 208045514 | 音乐系资料室/ [索取号:J652.5/442] | 在馆 | |
| 9 | 0804552 | 208045523 | 音乐系资料室/ [索取号:J652.5/442] | 在馆 | |
| 10 | 0804553 | 208045532 | 密集书库-音乐系/ [索取号:J652.5/442] | 在馆 |